Officium et missa in festo et per octavam corporis Christi una cum commemorationibus festorum suplicium, quae infra eam occurrunt...

Detalles Bibliográficos
Formato: Libro
Publicado: Amberes 1723
Materias:
Colección:Banco de datos
Acervo:Biblioteca del Convento de San Pablo. Yuririahupándaro. Guanajuato
Tema general:Liturgia
Notas:Buena. 3L4, 32.
LEADER 00683nam a22001810004500
035 |a 38439 
036 |a 4080 
245 1 0 |a Officium et missa in festo et per octavam corporis Christi una cum commemorationibus festorum suplicium, quae infra eam occurrunt... 
260 |a Amberes  |b Tip. Plantiniana imp.  |c 1723 
500 |a Buena. 3L4, 32. 
650 1 0 |a Liturgia 
949 |a CRG-CY 
959 |a Ex convento de San Pablo, Museo Regional de Yuririahpúndaro, Guanajuato  |b CCC9 
960 |a Convento San Pablo Yuririahpúndaro, Guanajuato  |b DD86 
961 |a Agustina  |b OA 
942 |c CRG-CY 
943 |g Biblioteca del Convento de San Pablo. Yuririahupándaro. Guanajuato 
999 |c 959105  |d 959105